000 00348nam a2200133Ia 4500
008 231129s9999||||xx |||||||||||||| ||spa||
020 _a84-7442-007-5
040 _bspa
082 _a306.73 V153
100 _aValensin Georges
245 0 _aPracticas del amor en grupo
264 _aA.T.E
942 _2ddc
_cBKS
999 _c23114
_d23114